Départements français n°7 - Statistiques

Statistiques générales
  • Ce quiz a été pris 57 fois
  • Le résultat moyen est 10 sur 15
Statistiques - réponses
Numéros Départements % Correct
30 Gard
92%
38 Isère
92%
27 Eure
90%
08 Ardennes
83%
67 Bas-Rhin
81%
66 Pyrénées-Orientales
81%
19 Corrèze
79%
57 Moselle
77%
70 Haute-Saône
73%
87 Haute-Vienne
71%
43 Haute-Loire
69%
976 Mayotte
67%
977 Saint-Barthélemy
8%
978 Saint-Martin
8%
984 Terres australes et antarctiques françaises
0%
Aucun quiz correspondant
Distribution des résultats
% des personnes avec chaque résultat
Percentile par nombre de réponses
Votre historique - résultats
Vous n’avez pas pris ce quiz